<?xml version="1.0" encoding="UTF-8"?>
<record
    xmlns:xsi="http://www.w3.org/2001/XMLSchema-instance"
    xsi:schemaLocation="http://www.loc.gov/MARC21/slim http://www.loc.gov/standards/marcxml/schema/MARC21slim.xsd"
    xmlns="http://www.loc.gov/MARC21/slim">

  <leader>01187nam a22002417a 4500</leader>
  <controlfield tag="001">3590</controlfield>
  <controlfield tag="003">FISKH</controlfield>
  <controlfield tag="005">20240321145225.0</controlfield>
  <controlfield tag="008">240321b        cb ||||| |||| 00| 0 eng d</controlfield>
  <datafield tag="040" ind1=" " ind2=" ">
    <subfield code="a">FISK </subfield>
    <subfield code="b">eng </subfield>
    <subfield code="c">FISK</subfield>
    <subfield code="d">FISK</subfield>
  </datafield>
  <datafield tag="050" ind1=" " ind2=" ">
    <subfield code="a">PS1449.C85 </subfield>
  </datafield>
  <datafield tag="082" ind1=" " ind2=" ">
    <subfield code="a">813.4 </subfield>
  </datafield>
  <datafield tag="100" ind1=" " ind2=" ">
    <subfield code="a">Crane Stephen </subfield>
    <subfield code="d">1871-1900</subfield>
  </datafield>
  <datafield tag="245" ind1=" " ind2=" ">
    <subfield code="a">The red badge of courage / </subfield>
    <subfield code="c">Stephen Crane </subfield>
  </datafield>
  <datafield tag="260" ind1=" " ind2=" ">
    <subfield code="a">London : </subfield>
    <subfield code="b">British Library, </subfield>
    <subfield code="c">2011</subfield>
  </datafield>
  <datafield tag="300" ind1=" " ind2=" ">
    <subfield code="a">188 pages : </subfield>
    <subfield code="c">18 cm </subfield>
  </datafield>
  <datafield tag="505" ind1=" " ind2=" ">
    <subfield code="a">Q</subfield>
  </datafield>
  <datafield tag="520" ind1=" " ind2=" ">
    <subfield code="a">Classic Literature. Fiction.

Hailed as one of American literature's most influential works, The Red Badge of Courage has a young recruit facing the trials and cruelties of war. Stephen Crane's 1895 novel is set in the American Civil War. Private Henry Fleming flees from battle and his battalion, considering all lost. Stumbling upon injured soldiers, he feels the shame of deserting and of not possessing the "red badge of courage", the wounds of war. But later when Henry rejoins his regiment and is ordered into a hopeless battle, he finds a chance to finally prove his courage as a man.</subfield>
  </datafield>
  <datafield tag="521" ind1="8" ind2=" ">
    <subfield code="a">900 </subfield>
    <subfield code="b">Lexile </subfield>
  </datafield>
  <datafield tag="700" ind1=" " ind2=" ">
    <subfield code="a">Stephen Crane </subfield>
  </datafield>
  <datafield tag="942" ind1=" " ind2=" ">
    <subfield code="2">ddc</subfield>
    <subfield code="c">BK</subfield>
    <subfield code="n">0</subfield>
  </datafield>
  <datafield tag="999" ind1=" " ind2=" ">
    <subfield code="c">3590</subfield>
    <subfield code="d">3590</subfield>
  </datafield>
  <datafield tag="952" ind1=" " ind2=" ">
    <subfield code="0">0</subfield>
    <subfield code="1">0</subfield>
    <subfield code="2">ddc</subfield>
    <subfield code="4">0</subfield>
    <subfield code="7">0</subfield>
    <subfield code="8">FIC</subfield>
    <subfield code="a">001</subfield>
    <subfield code="b">001</subfield>
    <subfield code="c">SBS</subfield>
    <subfield code="d">2024-03-21</subfield>
    <subfield code="l">0</subfield>
    <subfield code="o">CRA PS1449.C85 813.4 </subfield>
    <subfield code="p">2024-0386</subfield>
    <subfield code="r">2024-03-21 14:45:47</subfield>
    <subfield code="t">1</subfield>
    <subfield code="w">2024-03-21</subfield>
    <subfield code="y">BK</subfield>
  </datafield>
</record>
